• AIU
  • Tony Wilmot Memorial Library

Computing fundamentals / (Record no. 39045)

MARC details
000 -LEADER
fixed length control field 00513nam a22001931a 4500
003 - CONTROL NUMBER IDENTIFIER
control field NEGST
005 - DATE AND TIME OF LATEST TRANSACTION
control field 20160331020003.0
008 - FIXED-LENGTH DATA ELEMENTS--GENERAL INFORMATION
fixed length control field 030714s1993 nyu 001 0 eng d
020 ## - INTERNATIONAL STANDARD BOOK NUMBER
International Standard Book Number 0028003306
100 1# - MAIN ENTRY--PERSONAL NAME
Personal name Leeson, Marjorie.
245 10 - TITLE STATEMENT
Title Computing fundamentals /
Statement of responsibility, etc Marjorie Leeson.
Medium [Text]
260 ## - PUBLICATION, DISTRIBUTION, ETC. (IMPRINT)
Place of publication, distribution, etc New York
Name of publisher, distributor, etc Macmillan
Date of publication, distribution, etc 1993
300 ## - PHYSICAL DESCRIPTION
Extent xvii, 302p.
500 ## - GENERAL NOTE
General note Includes index.
590 ## - LOCAL NOTE (RLIN)
Local note Accession number: 29939
650 #0 - SUBJECT ADDED ENTRY--TOPICAL TERM
Topical term or geographic name as entry element Electronic data processing.
942 00 - ADDED ENTRY ELEMENTS (KOHA)
Koha issues (borrowed), all copies 1
Holdings
Withdrawn status Lost status Source of classification or shelving scheme Damaged status Not for loan Collection code Home library Current library Shelving location Date acquired Cost, normal purchase price Total Checkouts Full call number Barcode Date last seen Date checked out Copy number Price effective from Koha item type Total Renewals
    Library of Congress Classification Damaged (Being repaired in the Binding room)   General Circulation AIU/NEGST - Tony Wilmot Memorial Library AIU/NEGST - Tony Wilmot Memorial Library General Stacks 03/12/2010 40.00 2 QA 76.L422 1993 R00179F3232 09/26/2019 01/21/2013 1 03/12/2010 Books  
    Library of Congress Classification     General Circulation AIU/NEGST - Tony Wilmot Memorial Library AIU/NEGST - Tony Wilmot Memorial Library General Stacks 03/12/2010 40.00 2 QA 76.L422 1993 R00243Y3232 09/26/2019 05/24/2019 2 03/12/2010 Books 1